[Event "PRO League Group Stage"]
[Site "chess.com INT"]
[Date "2018.02.04"]
[Round "4"]
[White "Abdrlauf, Elham"]
[Black "Bordi, Kevin"]
[Result "0-1"]
[WhiteElo "2073"]
[BlackElo "2282"]
[WhiteTeam "Norway Gnomes"]
[BlackTeam "Cannes Blockbusters"]
[WhiteFideId "1533533"]
[BlackFideId "621862"]
[EventDate "2018.01.18"]

1. e4 g5 2. d4 h6 3. Nc3 Bg7 4. Be3 c5 5. h3 Qb6 6. Nd5 Qa5+ 7. Bd2 Qd8 8. Bc3
Nf6 9. dxc5 e6 10. Nxf6+ Bxf6 11. Bxf6 Qxf6 12. c3 Nc6 13. Nf3 b6 14. cxb6 axb6
15. Bd3 Bb7 16. Qb3 Ne5 17. Nxe5 Qxe5 18. O-O Qc7 19. Rad1 g4 20. hxg4 h5 21.
Bb5 Rd8 22. c4 hxg4 23. Qg3 Qc5 24. Qd6 Qh5 25. f3 gxf3 26. Rxf3 Qh1+ 27. Kf2
Qh4+ 28. Ke2 Qxe4+ 29. Kf2 Qh4+ 30. Kg1 Qh1+ 31. Kf2 Qh4+ 32. Kg1 Bxf3 33. Bxd7+
Rxd7 34. Qxd7+ Kf8 35. Qd8+ Kg7 36. Qxh4 Rxh4 37. gxf3 Rxc4 38. Rd2 f5 39. Kf2
Kf6 40. Ke3 Ke5 41. b3 Rh4 42. a4 f4+ 43. Kd3 Rh3 44. Ke2 Rh2+ 45. Kd3 Rh3 46.
Ke2 Rh1 47. Rd3 Rh2+ 48. Ke1 Rb2 49. Kd1 Kf5 50. Kc1 Rh2 51. Kd1 e5 52. Ke1 Rb2
53. Rc3 e4 54. fxe4+ Kxe4 55. a5 bxa5 56. Rc5 Ra2 57. Rc8 Kf3 58. Rc3+ Kg2 59.
Rc8 Rb2 60. Rg8+ Kf3 61. Ra8 Rb1+ 62. Kd2 Kg2 63. Rxa5 Rxb3 64. Rg5+ Kf2 65. Rg8
f3 66. Rf8 Kf1 67. Rg8 f2 68. Rg7 Rb8 69. Rf7 Rd8+ 70. Kc2 Rd5 71. Rf8 Ke2 72.
Re8+ Kf3 73. Rf8+ Ke3 74. Kc3 Rd3+ 75. Kc2 Rd4 76. Re8+ Re4 77. Rf8 Rf4 78. Re8+
Kf3 0-1

[Event "PRO League Group Stage"]
[Site "chess.com INT"]
[Date "2018.02.04"]
[Round "4"]
[White "Gunnarsson, Jon Viktor"]
[Black "Klimakovs, Sergejs"]
[Result "1/2-1/2"]
[WhiteTitle "IM"]
[BlackTitle "FM"]
[WhiteElo "2466"]
[BlackElo "2309"]
[WhiteTeam "Reykjavik Puffins"]
[BlackTeam "Riga Magicians"]
[WhiteFideId "2300931"]
[BlackFideId "11602066"]
[EventDate "2018.01.18"]

1. e4 c5 2. Nf3 d6 3. d4 cxd4 4. Nxd4 Nf6 5. Nc3 a6 6. h3 e5 7. Nde2 h5 8. Bg5
Be7 9. Qd2 Be6 10. g3 Nbd7 11. Bg2 Rc8 12. h4 Qb6 13. b3 Qc6 14. O-O O-O 15.
Rac1 b5 16. Nd5 Bxd5 17. exd5 Qb7 18. f4 Rfe8 19. fxe5 Nxe5 20. Nd4 Nfg4 21. Kh1
Bf8 22. Nc6 g6 23. c4 Qb6 24. Nxe5 Rxe5 25. Qf4 Rf5 26. Qd2 Nf2+ 27. Kh2 Ng4+
28. Kh1 Nf2+ 29. Kh2 1/2-1/2

[Event "PRO League Group Stage"]
[Site "chess.com INT"]
[Date "2018.02.04"]
[Round "4"]
[White "Abdrlauf, Elham"]
[Black "Maurizzi, Marc Andria"]
[Result "1-0"]
[BlackTitle "CM"]
[WhiteElo "2073"]
[BlackElo "2018"]
[WhiteTeam "Norway Gnomes"]
[BlackTeam "Marseille Migraines"]
[WhiteFideId "1533533"]
[BlackFideId "36083534"]
[EventDate "2018.01.18"]

1. e4 c5 2. d4 cxd4 3. c3 d3 4. Bxd3 Nc6 5. Nf3 d6 6. O-O Nf6 7. Re1 Bg4 8. Be3
e6 9. Nbd2 Be7 10. h3 Bh5 11. Be2 O-O 12. Nd4 Bg6 13. Nxc6 bxc6 14. Bf3 d5 15.
Bg5 Rb8 16. b3 h6 17. Bf4 Rb7 18. c4 Rd7 19. cxd5 cxd5 20. e5 Ne4 21. Bxe4 dxe4
22. Qe2 Bg5 23. Bxg5 Qxg5 24. Nc4 Rfd8 25. Qe3 Qh5 26. Rac1 Rd3 27. Qxa7 Qg5 28.
Ne3 Qxe5 29. Qc5 Qb2 30. Rc2 Qf6 31. b4 Rd2 32. Rf1 Rxc2 33. Qxc2 Bf5 34. b5 Qe7
35. a4 Qb4 36. Rb1 Qa5 37. b6 Rb8 38. b7 Qa7 39. Qc8+ Kh7 40. Nxf5 exf5 41.
Qxf5+ Kg8 42. a5 e3 43. fxe3 Qxe3+ 44. Kh1 Qa7 45. a6 g6 46. Qc8+ Kh7 47. Qxb8
Qxb8 48. a7 Qxa7 49. b8=Q Qa2 50. Qb3 Qa7 51. Qb7 Qa2 52. Rf1 Kg7 53. Qf3 Qc4
54. Qf6+ Kg8 55. Rd1 1-0

[Event "PRO League Group Stage"]
[Site "chess.com INT"]
[Date "2018.02.04"]
[Round "4"]
[White "Abdrlauf, Elham"]
[Black "Agrest, Inna"]
[Result "0-1"]
[BlackTitle "WIM"]
[WhiteElo "2073"]
[BlackElo "2280"]
[WhiteTeam "Norway Gnomes"]
[BlackTeam "Stockholm Snowballs"]
[WhiteFideId "1533533"]
[BlackFideId "1708830"]
[EventDate "2018.01.18"]

1. e4 e5 2. Nf3 Nc6 3. Bc4 Nf6 4. d3 Bc5 5. O-O a6 6. Nc3 d6 7. h3 Na5 8. Bb3 c6
9. Be3 Qe7 10. Bxc5 dxc5 11. Ne2 Nxb3 12. axb3 O-O 13. c3 Rd8 14. Qc2 Ne8 15.
Ng3 Nc7 16. Rad1 f6 17. Nd2 Ne6 18. Nf5 Qf8 19. g3 g6 20. Ne3 Qh6 21. h4 Bd7 22.
Kg2 Be8 23. Nf3 Rd7 24. h5 Rad8 25. Rh1 gxh5 26. Nf5 Qf8 27. Qe2 Bg6 28. Rh3 b5
29. Ra1 Rxd3 30. Rxa6 Be8 31. Ra7 R3d7 32. Rxd7 Rxd7 33. N3h4 Bg6 34. Qe3 Ng5
35. Rh1 Ne6 36. Nh6+ Kh8 37. N6f5 Qd8 38. Nxg6+ hxg6 39. Qh6+ Rh7 40. Qxg6 Nf8
41. Qxh7+ Nxh7 42. Rxh5 Qd3 43. Nh4 Qxe4+ 44. Kh2 Kg8 45. Rf5 Qc2 46. Rf3 Qxb2
47. Nf5 Qxb3 48. Ne7+ Kf7 49. Nxc6 Ke6 50. Re3 Qd1 51. Na5 Ng5 52. Kg2 b4 53.
cxb4 cxb4 54. Nb3 Qd5+ 55. Kf1 Nf3 0-1

[Event "PRO League Group Stage"]
[Site "chess.com INT"]
[Date "2018.02.04"]
[Round "4"]
[White "Maurizzi, Marc Andria"]
[Black "Reimanis, Ritvars"]
[Result "0-1"]
[WhiteTitle "CM"]
[BlackTitle "FM"]
[WhiteElo "2018"]
[BlackElo "2335"]
[WhiteTeam "Marseille Migraines"]
[BlackTeam "Riga Magicians"]
[WhiteFideId "36083534"]
[BlackFideId "11602988"]
[EventDate "2018.01.18"]

1. e4 e6 2. d4 d5 3. exd5 exd5 4. Nf3 c6 5. Bd3 f5 6. O-O Nf6 7. Bf4 Bd6 8. Bxd6
Qxd6 9. Nbd2 O-O 10. Ne5 Qb4 11. Nb3 a5 12. c3 Qd6 13. Nd2 a4 14. Qe2 a3 15. b4
Ne4 16. Rac1 Nd7 17. Nxd7 Bxd7 18. f3 Ng5 19. Rce1 Qh6 20. Nb3 Rae8 21. Qf2 Qg6
22. Kh1 Ne4 23. Qc2 Nd6 24. Nc5 Bc8 25. Re5 b6 26. Nb3 Qh6 27. Rfe1 Qh4 28. Qd2
Rd8 29. Bf1 f4 30. Nc1 Bf5 31. Ne2 Nc4 32. Qc1 Nxe5 33. dxe5 Rde8 34. Nd4 c5 35.
bxc5 bxc5 36. Nb3 Rc8 37. Qd2 Be6 38. Na5 Rc7 39. Nb3 Rb8 40. c4 d4 41. Bd3 g5
42. Qc2 Qxe1+ 0-1

[Event "PRO League Group Stage"]
[Site "chess.com INT"]
[Date "2018.02.04"]
[Round "4"]
[White "Manukian, Artak"]
[Black "Porper, Edward"]
[Result "1/2-1/2"]
[BlackTitle "IM"]
[WhiteElo "2196"]
[BlackElo "2377"]
[WhiteTeam "Armenia Eagles"]
[BlackTeam "London Lions"]
[WhiteFideId "13301373"]
[BlackFideId "2801604"]
[EventDate "2018.01.18"]

1. e4 e5 2. Nf3 d6 3. d4 exd4 4. Nxd4 Nf6 5. Nc3 Be7 6. g3 O-O 7. Bg2 Re8 8. O-O
Bf8 9. Re1 Bd7 10. h3 Nc6 11. Nde2 h5 12. Bg5 Be7 13. f4 Nh7 14. Bxe7 Rxe7 15.
Nd5 Re8 16. Nec3 g6 17. Qd2 Ne7 18. Qd4 Nxd5 19. Nxd5 Bc6 20. Nb4 Qd7 21. Rad1
a5 22. Nxc6 Qxc6 23. c4 Qa4 24. a3 Rad8 25. Qc3 b6 26. Rd5 Qd7 27. e5 Qe7 28.
Re4 dxe5 29. Rdxe5 Qd7 30. Rd5 Qc8 31. Rxe8+ Rxe8 32. c5 Qe6 33. Re5 Qd7 34. Kh2
Rxe5 35. Qxe5 Nf8 36. c6 Qd8 37. Bd5 Nh7 38. f5 Nf6 39. Bf3 g5 40. Qe3 g4 41.
hxg4 Nxg4+ 42. Bxg4 hxg4 43. Qf4 Qd1 44. Qxc7 Qe2+ 45. Kg1 Qe1+ 46. Kg2 Qe2+ 47.
Kg1 Qe1+ 48. Kg2 Qe2+ 49. Kg1 Qe1+ 50. Kg2 Qe2+ 51. Kg1 Qe1+ 52. Kg2 Qe2+ 53.
Kg1 1/2-1/2

[Event "PRO League Group Stage"]
[Site "chess.com INT"]
[Date "2018.02.04"]
[Round "4"]
[White "Maurizzi, Marc Andria"]
[Black "Stokke, Kjetil"]
[Result "1-0"]
[WhiteTitle "CM"]
[BlackTitle "IM"]
[WhiteElo "2018"]
[BlackElo "2336"]
[WhiteTeam "Marseille Migraines"]
[BlackTeam "Oslo Trolls"]
[WhiteFideId "36083534"]
[BlackFideId "1502964"]
[EventDate "2018.01.18"]

1. e4 c5 2. Nc3 g6 3. d4 cxd4 4. Qxd4 Nf6 5. Nf3 Nc6 6. Qa4 d6 7. e5 dxe5 8.
Nxe5 Qd4 9. Nxc6 Qxa4 10. Nxa4 bxc6 11. Be2 Bf5 12. Bf3 Nd5 13. c3 e5 14. O-O f6
15. c4 e4 16. Bxe4 Bxe4 17. Re1 f5 18. cxd5 Kf7 19. dxc6 Bxc6 20. Nc3 Bg7 21.
Bg5 Rhe8 22. Rac1 a5 23. Rxe8 Rxe8 24. Be3 a4 25. h3 Rb8 26. Rc2 Bd7 27. Rd2 Rb7
28. Bd4 Bh6 29. Be3 Bg7 30. Bd4 Bf8 31. Kf1 Bc6 32. Ne2 Bd5 33. Nc3 Bc4+ 34. Kg1
Bb4 35. a3 Ba5 36. Rc2 Bb3 37. Rd2 f4 38. Re2 Rd7 39. Bc5 g5 40. Bb4 Bc7 41. Ne4
h6 42. Nc5 Rd5 43. Nxb3 Rd1+ 44. Re1 Rxe1+ 45. Bxe1 axb3 46. Bc3 Ke6 47. Kf1 Kd5
48. Ke2 Kc4 49. f3 Bd6 50. Kd2 Bc5 51. Bg7 Be3+ 52. Kd1 h5 53. Bf6 Bb6 54. Bxg5
Bd4 55. Kc1 Be3+ 56. Kd1 Bd4 57. Kc1 Be3+ 58. Kb1 Kd3 59. a4 Ke2 60. a5 Kf2 61.
a6 Kxg2 62. Bxf4 Ba7 63. Bg5 Kxh3 64. f4 Kg4 65. Kc1 h4 66. Bxh4 Kxf4 67. Kd2
Ke4 68. Kc3 Kd5 69. Kxb3 Kc6 70. Ka4 Kb6 71. Bf2+ Kxa6 72. Bxa7 Kxa7 73. Ka5 Kb7
74. Kb5 1-0

[Event "PRO League Group Stage"]
[Site "chess.com INT"]
[Date "2018.02.04"]
[Round "4"]
[White "Maurizzi, Marc Andria"]
[Black "Kunitson, Nikolai"]
[Result "1-0"]
[WhiteTitle "CM"]
[WhiteElo "2018"]
[BlackElo "2053"]
[WhiteTeam "Marseille Migraines"]
[BlackTeam "Estonia Horses"]
[WhiteFideId "36083534"]
[BlackFideId "4502426"]
[EventDate "2018.01.18"]

1. e4 c5 2. Nc3 d6 3. f4 Nf6 4. Nf3 e6 5. Bb5+ Bd7 6. Bc4 Bc6 7. d3 d5 8. exd5
exd5 9. Bb3 d4 10. Nb1 Be7 11. O-O O-O 12. Ne5 Bd5 13. Nd2 Nc6 14. Ndf3 Bxb3 15.
axb3 Nxe5 16. Nxe5 Bd6 17. Qf3 Qc7 18. Nc4 Rfe8 19. Nxd6 Qxd6 20. Qxb7 Qd5 21.
Qxd5 Nxd5 22. Bd2 Re2 23. Rf2 Re7 24. Ra5 Rc8 25. g3 f5 26. Kf1 Kf7 27. Re2 Rxe2
28. Kxe2 Rc7 29. b4 Nxb4 30. Bxb4 cxb4 31. Rxf5+ Ke6 32. Re5+ Kd6 33. Kd2 b3 34.
cxb3 Rb7 35. Kc2 Rc7+ 36. Kb1 Rb7 37. Ka2 Rc7 38. Re2 Rc1 39. b4 Rd1 40. Kb3
Rxd3+ 41. Kc4 Rd1 42. Re4 d3 43. Rd4+ Kc6 44. Rxd3 Re1 45. Kc3 Re2 46. Rd2 Re4
47. b3 g6 48. Ra2 Kb6 49. Rd2 Kc6 50. b5+ Kxb5 51. Rd7 h5 52. Rxa7 Re2 53. Rg7
Rxh2 54. Rxg6 Rh3 55. Rg5+ Kb6 56. Kc4 h4 57. gxh4 Rxh4 58. Rg6+ Kc7 59. Rf6 Rh1
60. b4 Re1 61. Kc5 Rc1+ 62. Kb5 Ra1 63. Rf7+ Kd6 64. Kb6 Ke6 65. Rh7 Rf1 66. Rh4
Kd6 67. b5 Rb1 68. Rh6+ Kd5 69. Rh5+ Ke4 70. Kb7 Kxf4 71. b6 Ke4 72. Kc7 Rc1+
73. Kb8 Kd4 74. b7 Ke4 75. Ra5 Rh1 76. Ka8 1-0

[Event "PRO League Group Stage"]
[Site "chess.com INT"]
[Date "2018.02.04"]
[Round "4"]
[White "Manukian, Artak"]
[Black "Maurizzi, Marc Andria"]
[Result "1-0"]
[BlackTitle "CM"]
[WhiteElo "2196"]
[BlackElo "2018"]
[WhiteTeam "Armenia Eagles"]
[BlackTeam "Marseille Migraines"]
[WhiteFideId "13301373"]
[BlackFideId "36083534"]
[EventDate "2018.01.18"]

1. e4 c5 2. Nf3 Nc6 3. c3 d5 4. exd5 Qxd5 5. d4 Bf5 6. dxc5 Qxd1+ 7. Kxd1 O-O-O+
8. Ke1 e5 9. b4 Nf6 10. a3 Nd5 11. c4 Nf4 12. Bxf4 exf4 13. Nc3 Be7 14. Rd1 a5
15. Nd5 axb4 16. axb4 Rhe8 17. Be2 Be4 18. b5 Nb8 19. Nxe7+ Rxe7 20. Rxd8+ Kxd8
21. Kd2 Nd7 22. c6 bxc6 23. Ra1 cxb5 24. cxb5 Nc5 25. Kc3 Bb7 26. Bd3 Rc7 27.
Bc4 Ne4+ 28. Kb4 Kc8 29. Ne5 f6 30. Nd3 Nd6 31. Be6+ Kb8 32. Nc5 Re7 33. f3 Bc8
34. Bd5 Re2 35. Ra2 Rxa2 36. Bxa2 Kc7 37. Ka5 Nb7+ 38. Nxb7 Bxb7 39. Bb1 h5 40.
b6+ Kb8 41. Bg6 h4 42. h3 Bd5 43. Kb5 Kb7 44. Kc5 Bb3 45. Be4+ Ka6 46. b7 Ka7
47. Kd6 Bc4 48. Kc7 1-0

[Event "PRO League Group Stage"]
[Site "chess.com INT"]
[Date "2018.02.04"]
[Round "4"]
[White "Carlsen, Magnus"]
[Black "Olafsson, Helgi"]
[Result "1-0"]
[WhiteTitle "GM"]
[BlackTitle "GM"]
[WhiteElo "2834"]
[BlackElo "2508"]
[WhiteTeam "Norway Gnomes"]
[BlackTeam "Reykjavik Puffins"]
[WhiteFideId "1503014"]
[BlackFideId "2300010"]
[EventDate "2018.01.18"]

1. d4 Nf6 2. c4 e6 3. Nf3 d5 4. e3 c5 5. a3 Nc6 6. dxc5 Bxc5 7. b4 Be7 8. Bb2
O-O 9. Nbd2 a5 10. b5 Nb8 11. g4 Nbd7 12. g5 Ne8 13. h4 Nc5 14. Qc2 b6 15. cxd5
Bb7 16. dxe6 fxe6 17. Rh3 Rc8 18. Rd1 Nd6 19. Qc3 Nf5 20. Bc4 Qe8 21. e4 Na4 22.
Qe5 Nxb2 23. Qxb2 Rxc4 24. Nxc4 Bxe4 25. Qe2 Bxf3 26. Rxf3 Bc5 27. Qe4 Qxb5 28.
Qxe6+ Kh8 29. Rxf5 Re8 30. Re5 1-0

[Event "PRO League Group Stage"]
[Site "chess.com INT"]
[Date "2018.02.04"]
[Round "4"]
[White "Carlsen, Magnus"]
[Black "Lenic, Luka"]
[Result "0-1"]
[WhiteTitle "GM"]
[BlackTitle "GM"]
[WhiteElo "2834"]
[BlackElo "2662"]
[WhiteTeam "Norway Gnomes"]
[BlackTeam "Ljubljana Turtles"]
[WhiteFideId "1503014"]
[BlackFideId "14603853"]
[EventDate "2018.01.18"]

1. e4 c5 2. Nc3 Nc6 3. Bb5 Nd4 4. Nf3 a6 5. Bd3 Nc6 6. Be2 e5 7. O-O Nf6 8. d3
Be7 9. Bg5 d6 10. Nd2 O-O 11. Nc4 Be6 12. Bxf6 Bxf6 13. Ne3 Bg5 14. Ncd5 Ne7 15.
Nxe7+ Qxe7 16. Nf5 Qd8 17. Ne3 Bxe3 18. fxe3 Qg5 19. Qd2 h5 20. a3 a5 21. Rf3 h4
22. Raf1 g6 23. c3 Kg7 24. h3 Rad8 25. Qe1 f5 26. Qf2 Rf7 27. d4 Rdf8 28. exf5
Rxf5 29. dxe5 Bd5 30. Kh2 Bxf3 31. gxf3 Rxe5 32. f4 Qg3+ 33. Qxg3 hxg3+ 34. Kxg3
Rxe3+ 35. Bf3 b5 36. Kg4 Re6 37. h4 Ref6 38. Be4 Re8 39. Bf3 Rb8 40. Bd5 Re8 41.
Bf3 Re7 42. Kg3 Re3 43. Rd1 Kf8 44. Kf2 Re7 45. Kg3 Ra7 46. Bd5 Ra6 47. Kg4 Ra7
48. Be4 Re7 49. Bc6 Re2 50. Bxb5 Rf2 51. Kg3 Rxb2 52. a4 Rc2 53. Rd3 Rc1 54. Re3
Rg1+ 55. Kf3 Rh1 56. Kg3 Rg1+ 57. Kf3 Rh1 58. Kg3 Rc1 59. Kg4 Kf7 60. Bc4+ Kf8
61. Bb5 d5 62. Re5 Rd6 63. f5 Rg1+ 64. Kf4 gxf5 65. Rxf5+ Ke7 66. Rh5 d4 67.
Rh7+ Kd8 68. Ke5 Rgg6 69. cxd4 Rge6+ 70. Kf5 cxd4 71. Bc4 Re1 72. Rh8+ Kc7 73.
Rh7+ Kb6 74. Bd3 Re3 75. Be4 d3 76. Ke5 Rxe4+ 77. Kxd6 d2 0-1

[Event "PRO League Group Stage"]
[Site "chess.com INT"]
[Date "2018.02.04"]
[Round "4"]
[White "Manukian, Artak"]
[Black "Agrest, Inna"]
[Result "1-0"]
[BlackTitle "WIM"]
[WhiteElo "2196"]
[BlackElo "2280"]
[WhiteTeam "Armenia Eagles"]
[BlackTeam "Stockholm Snowballs"]
[WhiteFideId "13301373"]
[BlackFideId "1708830"]
[EventDate "2018.01.18"]

1. b3 e5 2. Bb2 Nc6 3. e3 d5 4. Bb5 Bd6 5. Nf3 Qe7 6. d4 e4 7. Ne5 Bd7 8. Nxd7
Qxd7 9. Be2 Nf6 10. c4 O-O 11. Nc3 Bb4 12. O-O Bxc3 13. Bxc3 Ne7 14. a4 c6 15.
a5 Rfe8 16. a6 b6 17. Rc1 Ng6 18. Bb4 Nh4 19. Rc2 Qf5 20. Bd6 h5 21. Bg3 Ng6 22.
h3 h4 23. Bh2 Qd7 24. Qd2 Rac8 25. Rfc1 Ne7 26. Bf4 Nh7 27. Qb4 g5 28. Qd6 Qxd6
29. Bxd6 Nf6 30. Bxe7 Rxe7 31. cxd5 Nxd5 32. Rxc6 Rxc6 33. Rxc6 Kg7 34. Bc4 Nb4
35. Rc8 Rd7 36. Kf1 Re7 37. Ke2 Rd7 38. Kd2 b5 39. Bxb5 Rd6 40. Rc7 Nxa6 41.
Rxa7 Nb4 42. Bc4 Nd5 43. Ra5 Nb6 44. Rxg5+ Kf6 45. Rg4 1-0

[Event "PRO League Group Stage"]
[Site "chess.com INT"]
[Date "2018.02.04"]
[Round "4"]
[White "Manukian, Artak"]
[Black "Bordi, Kevin"]
[Result "1/2-1/2"]
[WhiteElo "2196"]
[BlackElo "2282"]
[WhiteTeam "Armenia Eagles"]
[BlackTeam "Cannes Blockbusters"]
[WhiteFideId "13301373"]
[BlackFideId "621862"]
[EventDate "2018.01.18"]

1. e4 d5 2. exd5 Qxd5 3. Nc3 Qa5 4. d4 Nf6 5. Bc4 Bg4 6. f3 Bf5 7. Ne2 e6 8. O-O
c6 9. Ng3 Bg6 10. Nce4 Nbd7 11. c3 Qc7 12. Qe2 O-O-O 13. b4 Nd5 14. Bd2 h5 15.
Nc5 Bd6 16. Nce4 Be7 17. Nc5 Bd6 18. Nce4 Be7 19. Nc5 Bd6 1/2-1/2

[Event "PRO League Group Stage"]
[Site "chess.com INT"]
[Date "2018.02.04"]
[Round "4"]
[White "Lenic, Luka"]
[Black "Volodin, Aleksandr"]
[Result "1-0"]
[WhiteTitle "GM"]
[BlackTitle "GM"]
[WhiteElo "2662"]
[BlackElo "2462"]
[WhiteTeam "Ljubljana Turtles"]
[BlackTeam "Estonia Horses"]
[WhiteFideId "14603853"]
[BlackFideId "4501950"]
[EventDate "2018.01.18"]

1. e4 c5 2. Nf3 Nc6 3. Bb5 g6 4. Bxc6 dxc6 5. d3 Bg7 6. h3 b6 7. Nc3 e5 8. Be3
Qd6 9. Qd2 Nf6 10. Bh6 O-O 11. O-O-O a5 12. Kb1 a4 13. Ne2 b5 14. g4 b4 15. Ng3
Be6 16. Bxg7 Kxg7 17. Qg5 Rfe8 18. Nh4 Kf8 19. f4 a3 20. b3 exf4 21. Ne2 Ng8 22.
Nf3 f6 23. Qxf4 Qxf4 24. Nxf4 Bf7 25. h4 Rad8 26. Rdf1 Ne7 27. Kc1 Kg7 28. Rhg1
Nc8 29. g5 f5 30. exf5 gxf5 31. h5 Nd6 32. Nh4 Re5 33. h6+ Kg8 34. g6 Bd5 35.
Rg5 Rde8 36. gxh7+ Kxh7 37. Rg7+ Kxh6 38. Rg6+ Kh7 39. Rxd6 Re1+ 40. Rxe1 Rxe1+
41. Kd2 Ra1 42. Nxd5 cxd5 43. Nxf5 Rxa2 44. Rxd5 Ra1 45. Rxc5 Rf1 46. Ra5 a2 47.
Ra7+ Kg6 48. Nh4+ Kg5 49. Rxa2 Kxh4 50. Ra4 1-0

[Event "PRO League Group Stage"]
[Site "chess.com INT"]
[Date "2018.02.04"]
[Round "4"]
[White "Lenic, Luka"]
[Black "Andreikin, Dmitry"]
[Result "0-1"]
[WhiteTitle "GM"]
[BlackTitle "GM"]
[WhiteElo "2662"]
[BlackElo "2712"]
[WhiteTeam "Ljubljana Turtles"]
[BlackTeam "Volga Stormbringers"]
[WhiteFideId "14603853"]
[BlackFideId "4158814"]
[EventDate "2018.01.18"]

1. d4 d5 2. c4 c6 3. Nf3 Nf6 4. Nc3 e6 5. Bg5 dxc4 6. e4 b5 7. e5 h6 8. Bh4 g5
9. Nxg5 hxg5 10. Bxg5 Nbd7 11. exf6 Bb7 12. g3 c5 13. d5 Qb6 14. Bg2 O-O-O 15.
O-O b4 16. Rb1 Qa6 17. dxe6 Bxg2 18. e7 Bxf1 19. Qxf1 bxc3 20. bxc3 Bh6 21. Bxh6
Rxh6 22. Qg2 Rdh8 23. Qa8+ Kc7 24. e8=Q Rxe8 25. Qxe8 Rxf6 26. Qe4 Qc6 27. Qe2
Qf3 28. Qxf3 Rxf3 29. Rc1 Nf6 30. Kg2 Rd3 31. h4 Kd6 32. f3 Ke6 33. g4 Nd5 34.
Re1+ Re3 0-1

[Event "PRO League Group Stage"]
[Site "chess.com INT"]
[Date "2018.02.04"]
[Round "4"]
[White "Lenic, Luka"]
[Black "Holm, Kristian Stuvik"]
[Result "1-0"]
[WhiteTitle "GM"]
[BlackTitle "IM"]
[WhiteElo "2662"]
[BlackElo "2436"]
[WhiteTeam "Ljubljana Turtles"]
[BlackTeam "Oslo Trolls"]
[WhiteFideId "14603853"]
[BlackFideId "1508083"]
[EventDate "2018.01.18"]

1. e4 e5 2. Nf3 Nc6 3. Bc4 Bc5 4. O-O Nf6 5. d3 O-O 6. Nbd2 a6 7. a4 d6 8. c3
Ba7 9. h3 Ne7 10. Re1 Ng6 11. Nf1 h6 12. Ng3 c6 13. a5 d5 14. Bb3 Re8 15. Be3
Bxe3 16. Rxe3 Be6 17. Re1 Qc7 18. Bc2 Rad8 19. Qc1 dxe4 20. dxe4 Nf4 21. Qe3 g6
22. Ne2 Bxh3 23. gxh3 Nxh3+ 24. Kg2 Ng4 25. Qc5 Nhxf2 26. Nc1 f5 27. Qc4+ Kh8
28. Nb3 f4 29. Qe2 Qf7 30. Nc5 Qe7 31. b4 g5 32. Rf1 Ne3+ 33. Kxf2 g4 34. Rh1
Rd6 35. Nh4 g3+ 36. Kg1 Qf6 37. Nf5 Nxf5 38. exf5 e4 39. Nxe4 Qe5 40. Rf1 Rf6
41. Qf3 Rxf5 42. Rxh6+ Kg7 43. Rh4 Ref8 44. Qg4+ Kf7 45. Rh7+ Ke8 46. Rd1 f3 47.
Nd6+ Qxd6 48. Rxd6 f2+ 49. Kf1 g2+ 50. Qxg2 1-0

[Event "PRO League Group Stage"]
[Site "chess.com INT"]
[Date "2018.02.04"]
[Round "4"]
[White "Lenic, Luka"]
[Black "Plat, Vojtech"]
[Result "1-0"]
[WhiteTitle "GM"]
[BlackTitle "GM"]
[WhiteElo "2662"]
[BlackElo "2569"]
[WhiteTeam "Ljubljana Turtles"]
[BlackTeam "Riga Magicians"]
[WhiteFideId "14603853"]
[BlackFideId "325740"]
[EventDate "2018.01.18"]

1. e4 d6 2. d4 Nf6 3. f3 c6 4. c4 e5 5. Nc3 Nbd7 6. Be3 Be7 7. d5 O-O 8. Nge2 a5
9. Nc1 cxd5 10. cxd5 b6 11. Bb5 Nc5 12. Bc6 Rb8 13. Nb5 Ba6 14. O-O Ne8 15. Nd3
f5 16. b4 Nxd3 17. Qxd3 axb4 18. exf5 Nc7 19. Rab1 Bg5 20. Rxb4 Bxb5 21. Bxb5
Bxe3+ 22. Qxe3 Rxf5 23. Bd3 Rf8 24. Rxb6 Ra8 25. Rb2 Ra4 26. Be4 Qa8 27. Rc1
Nxd5 28. Qb3 Rd4 29. Rd1 Rxd1+ 30. Qxd1 Qa7+ 31. Kh1 Nf4 32. Qxd6 Rc8 33. Qd2
Ne2 34. Rb1 Qf2 35. Qd7 Qc5 36. h3 Kh8 37. Kh2 Rf8 38. Qd2 Qf2 39. Re1 Qg3+ 40.
Kh1 Nd4 41. Ra1 g5 42. Qe1 Qf4 43. a4 g4 44. hxg4 Qh6+ 45. Kg1 Qb6 46. Kh2 Qh6+
47. Kg1 Qb6 48. Qf2 Qa7 49. a5 Rb8 50. a6 Rb2 51. Qxb2 1-0

[Event "PRO League Group Stage"]
[Site "chess.com INT"]
[Date "2018.02.04"]
[Round "4"]
[White "Petrosyan, Manuel"]
[Black "Sebenik, Matej"]
[Result "0-1"]
[WhiteTitle "GM"]
[BlackTitle "GM"]
[WhiteElo "2570"]
[BlackElo "2551"]
[WhiteTeam "Armenia Eagles"]
[BlackTeam "Ljubljana Turtles"]
[WhiteFideId "13300857"]
[BlackFideId "14602296"]
[EventDate "2018.01.18"]

1. Nf3 d5 2. g3 Nf6 3. Bg2 e6 4. c4 Be7 5. d4 O-O 6. Nc3 c6 7. Qd3 b6 8. O-O Ba6
9. b3 Nbd7 10. e4 dxc4 11. bxc4 e5 12. dxe5 Ng4 13. Bf4 g5 14. Bh3 h5 15. Bxg4
hxg4 16. Nxg5 Nxe5 17. Qxd8 Raxd8 18. Bxe5 Bxg5 19. Bf4 Bxf4 20. gxf4 Rd3 21.
Rfc1 Bxc4 22. Nd1 Rd4 23. Ne3 Be2 24. Rxc6 Rxe4 25. Rc7 a5 26. Nd5 Rd4 27. Re1
Bf3 28. Nxb6 Rfd8 29. f5 Kg7 30. Rcc1 Rd2 31. a3 Ra2 32. Nc4 a4 33. Rc3 Kf6 34.
Ne5 Be2 35. Re3 Bd1 36. Re4 Rdd2 37. Nxg4+ Bxg4 38. Rxg4 Rxf2 39. Rg3 Rxh2 40.
Rf1 Rhb2 41. Rf4 Rb1+ 42. Rf1 Rb3 43. Rg4 Rbxa3 44. Rb4 Ra1 45. Rxa1 Rxa1+ 46.
Kf2 Kxf5 47. Rb7 f6 48. Kf3 a3 49. Ra7 a2 50. Kg2 Kg5 51. Ra5+ f5 52. Ra8 f4 53.
Ra5+ Kg6 54. Ra3 f3+ 55. Rxf3 Rb1 56. Rg3+ Kf5 57. Rf3+ Ke4 0-1

[Event "PRO League Group Stage"]
[Site "chess.com INT"]
[Date "2018.02.04"]
[Round "4"]
[White "Prithu, Gupta"]
[Black "Agrest, Inna"]
[Result "1/2-1/2"]
[WhiteTitle "FM"]
[BlackTitle "WIM"]
[WhiteElo "2373"]
[BlackElo "2280"]
[WhiteTeam "Delhi Dynamite"]
[BlackTeam "Stockholm Snowballs"]
[WhiteFideId "46618546"]
[BlackFideId "1708830"]
[EventDate "2018.01.18"]

1. Nf3 Nf6 2. c4 g6 3. b4 Bg7 4. Bb2 O-O 5. g3 d6 6. Bg2 e5 7. d3 Nc6 8. b5 Ne7
9. Nc3 Nd7 10. O-O Nc5 11. Nd2 Rb8 12. Nb3 Ne6 13. a4 f5 14. Nd5 Kh8 15. Qc2 f4
16. Ba3 Nf5 17. c5 Ned4 18. Nxd4 Nxd4 19. Qa2 Be6 20. c6 bxc6 21. bxc6 Nxc6 22.
Be4 Ne7 23. Qc4 c6 24. Nxe7 Bxc4 25. Nxc6 Qc7 26. Nxb8 Be6 27. Na6 Qb6 28. Nb4
Rd8 29. Nd5 Bxd5 30. Bxd5 Qa5 31. Bg2 d5 32. Rab1 Qxa4 33. Be7 Re8 34. Rb7 Qc6
35. Rfb1 e4 36. dxe4 dxe4 37. gxf4 h6 38. e3 a5 39. Bh3 Qd5 40. R7b5 Qd3 41. Rb8
Rxb8 42. Rxb8+ Kh7 43. Be6 Qd1+ 44. Kg2 Qf3+ 45. Kg1 Bc3 46. Bc5 Qd1+ 47. Kg2
Qf3+ 48. Kg1 Qd1+ 49. Kg2 Qf3+ 50. Kg1 Qd1+ 51. Kg2 Qf3+ 52. Kg1 Qd1+ 53. Kg2
Qf3+ 54. Kg1 1/2-1/2